Arthashastra of Chanakya: (Record no. 194226)

MARC details
000 -LEADER
fixed length control field 00892nam a22002057a 4500
005 - DATE AND TIME OF LATEST TRANSACTION
control field 20250124154935.0
010 ## - LCCN (DPL NO)
LC control number B-747299 E.N.A./7.11.22 ENG-143554
020 ## - INTERNATIONAL STANDARD BOOK NUMBER
International Standard Book Number 9789380887920
Terms of availability 1795.00
035 ## - SYSTEM CONTROL NUMBER
System control number B-747299
035 ## - SYSTEM CONTROL NUMBER
System control number EN-127086
037 ## - SOURCE OF ACQUISITION
Source of stock number/acquisition Juggernaut Publications
082 ## - DEWEY DECIMAL CLASSIFICATION NUMBER
Classification number 320.934
245 ## - TITLE STATEMENT
Title Arthashastra of Chanakya:
Remainder of title The Way of Financial Management and Economic Goverance/
Statement of responsibility, etc Trans. by Rudrapatna Shamasatry
260 ## - PUBLICATION, DISTRIBUTION, ETC. (IMPRINT)
Place of publication, distribution, etc New Delhi
Name of publisher, distributor, etc Juggernaut Publications
Date of publication, distribution, etc 2022
270 ## - ADDRESS
Address F-3/16, Ansari Road, Daryagunj,
City New Delhi
Postal code 110002
Telephone number 9310122101
300 ## - PHYSICAL DESCRIPTION
Extent 288p
Dimensions 24cm(hbk)
700 ## - ADDED ENTRY--PERSONAL NAME
Personal name Shamasastry, Rudrapatna
9 (RLIN) 77005
942 ## - ADDED ENTRY ELEMENTS (KOHA)
Source of classification or shelving scheme Dewey Decimal Classification
Item type English Books
Call number suffix ART
Classification part 320.934
Holdings
Withdrawn status Lost status Not for loan Collection code Home library Current library Date acquired Source of acquisition Cost, normal purchase price Full call number Barcode Copy number Cost, replacement price Koha item type
      Non-fiction Central Library Central Library 17/03/2023 Juggernaut Pub./137/28.11.22/170/23.11.22/2.12.22 1795.00 320.934 ART B-747299 1 1795.00 English Books
      Non-fiction Vinoba Puri Vinoba Puri 24/01/2025 Delivery of Books Act Division 1795.00 ART 320.934 EN-127086 1 1795.00 English Books

© Delhi Public Library
Hit Counter
free hit counter